000 01634nam a2200313 i 4500
001 768714001
003 CO-MdFUSB
005 20210419091918.0
007 ta
008 200616t2012 ag a|||| |||| 00| 0 spa d
020 _a9789876290340
040 _aCO-MdFUSB
_bspa
_cCO-MdFUSB
_dCO-MdFUSBC
_erda
041 _aspa
082 _223
_a370.1
_bF866
100 _aFreire, Paulo
_d1921-1997
_eautor
245 _aEl grito manso
_c/ Paulo Freire
264 1 _aBuenos Aires :
_bSiglo XXI,
_c[2012]
264 4 _c©2012
300 _a112 páginas
_c; 21 cm
336 _2rdacontent
_atexto
_btxt
337 _2rdamedia
_asin mediación
_bn
338 _2rdacarrier
_avolumen
_bnc
505 _aPrefacio -- Trabajar con la gente -- Palabra preliminare -- La construcción de la propia existencia -- Feliz y desafiado -- Práctica de la pedagogía crítica -- Elementos de la situación educativa -- La lucha no se acaba, se reinventa -- La confrontación no es pedagógica sino política -- Apéndices
520 _aEl grito manso contiene una de las últimas intervenciones públicas de Paulo Freire y es, a un tiempo, expresión de su pensamiento maduro y encuentro comprometido con quienes trabajan día a día con sus ideas. En él se recogen sus reflexiones acerca de los problemas que asedian la práctica de la educación en el filo del siglo XXI, en este contexto a la vez vulnerable y esperanzado, pero también sus ideas acerca de la historia, el cambio social, las utopías y la responsabilidad del hombre en el mundo globalizado.
563 _aRústico
650 0 _9984
_aEducación
942 _cBK
945 _aDani
999 _c66135
_d66135